00550nam a2200193Ia 4500008004100000020001800041082000800059100001800067245004500085250000600130260002500136300001600161500002400177650001600201700002500217942000700242952009000249999001700339230524s9999 xx 000 0 und d a9788120351042 bKUM aSanjay Kumar  0aWave Propagation and Antenna Engineering a1 aNew DelhibPHIc2016 a"XVI,603p;" aQuantity Number: 1 aElectronics aSaurab Shukla942731 cBK 00104070aTATCLbTATCLcGENd2023-05-24l0o KUMp54078r2023-05-24w2023-05-24yBK c57714d57714